[Event "FRA-chT Top 12 (Women)"]
[Site "Rennes"]
[Date "2007.05.12"]
[Round "2"]
[White "Boissonnier, Karina"]
[Black "Holin, Alexandra"]
[Result "1/2-1/2"]
[WhiteElo "1480"]
[BlackElo "1563"]
[PlyCount "88"]
[EventDate "2007.05.11"]
[EventType "team"]
[EventRounds "5"]
[EventCountry "FRA"]
[SourceTitle "CBM 118 Extra"]
[Source "ChessBase"]
[SourceDate "2007.07.04"]
[SourceVersion "1"]
[SourceVersionDate "2007.07.04"]
[SourceQuality "1"]
[WhiteTeam "Paris Chess Club"]
[BlackTeam "Bois Colombes"]
[WhiteTeamCountry "FRA"]
[BlackTeamCountry "FRA"]

1. e4 c5 2. Nf3 Nc6 3. Bb5 a6 4. Bxc6 bxc6 5. 0-0 d5 6. d3 Bg4 7. Nbd2 Nf6 8. b3 Rb8 9. Bb2 a5 10. Qe2 e6 11. Qe3 Bxf3 12. Nxf3 a4 13. Ne5 Qb6 14. f4 c4 15. Qxb6 Rxb6 16. exd5 cxd5 17. dxc4 Bc5+ 18. Kh1 Ne4 19. Nd3 dxc4 20. Nxc5 Nxc5 21. Bxg7 Rg8 22. Bd4 Rc6 23. b4 Nb7 24. f5 Rg4 25. Rad1 Rd6 26. Bc5 Rxd1 27. Rxd1 exf5 28. Rd5 Re4 29. h3 Re2 30. Rxf5 Rxc2 31. Re5+ Kd8 32. Bb6+ Kd7 33. a3 Rc3 34. Re3 Rxe3 35. Bxe3 Nd6 36. g4 Nb5 37. Bc1 Ke6 38. Kg2 Ke5 39. Kf3 Nd4+ 40. Ke3 Nb5 41. Bb2+ Kd5 42. Bc1 Nd4 43. Bb2 Nb5 44. Bc1 Nd4 1/2-1/2

[Event "FRA-ch U14 Girls"]
[Site "Le Grand Bornand"]
[Date "2007.04.??"]
[Round "1"]
[White "Boissonnier, Karina"]
[Black "Neuhauser, Salome"]
[Result "0-1"]
[WhiteElo "1480"]
[BlackElo "1866"]
[PlyCount "76"]
[EventDate "2007.04.07"]
[EventType "swiss"]
[EventRounds "9"]
[EventCountry "FRA"]
[SourceTitle "CBM 118 Extra"]
[Source "ChessBase"]
[SourceDate "2007.07.04"]
[SourceVersion "1"]
[SourceVersionDate "2007.07.04"]
[SourceQuality "1"]

1. e4 e5 2. Nf3 Nc6 3. c3 Nf6 4. d4 Nxe4 5. d5 Nb8 6. Nxe5 d6 7. Qa4+ c6 8. Nxc6 Nc5 9. Nxd8+ Nxa4 10. Bb5+ Kxd8 11. Bxa4 Bf5 12. 0-0 Nd7 13. Na3 Nc5 14. Bb3 Be7 15. Bf4 Nd3 16. Bg3 Nxb2 17. Nb5 Kd7 18. Nd4 Bg6 19. Bc2 Bxc2 20. Nxc2 Na4 21. c4 b6 22. Ne3 Bf6 23. Rac1 Nc3 24. Rc2 g6 25. Re1 Rhe8 26. Kf1 Rac8 27. Ng4 Rxe1+ 28. Kxe1 Bg7 29. Nh6 Re8+ 30. Kf1 Bxh6 31. f3 Nd1 32. Re2 Rxe2 33. Kxe2 Nc3+ 34. Kd3 Nxa2 35. h3 Nc1+ 36. Kc2 Ne2 37. Bf2 Bg7 38. Kb3 Nf4 0-1